000 00630nam a2200241Ia 4500
003 OSt
005 20220924151319.0
006 a|||||r|||| 00| 0
007 ta
008 220923b |||||||| |||| 00| 0 tel d
020 _c40
024 _a337091
037 _cTextual
040 _aARTS
_cARTS
_btel
041 _2tel
_atel
082 _aO35,3NVE4,62, N3
100 _aKrishna Murthy Malladi Venkata
_9185457
245 0 _aSorry wrong number
260 _c1993
650 _aTELUGU FICTION
942 _hO35,3NVE4,62, N3
_cTEXL
_2CC
999 _c466153
_d466153